| 000 | 00987nam a22002297a 4500 | ||
|---|---|---|---|
| 005 | 2008070800240.0 | ||
| 008 | 080708t xxu||||| |||| 00| 0 eng d | ||
| 010 | _aENG-87406 | ||
| 020 |
_a8131304303 _c595.00 |
||
| 035 | _aEN-70939 | ||
| 040 |
_aDPL _bEN |
||
| 082 | _a338.04 | ||
| 100 | _aVirmani, Hitesh S. | ||
| 245 |
_aEntrepreneurship development / _cby Hitesh S. Viramani |
||
| 260 |
_aNew Delhi _bAPH Publishing Corporation _c2008 |
||
| 270 |
_a4435-36/7, Ansari Raod, Darya Ganj, _bNew Delhi _e110002 |
||
| 300 |
_aviii, 228p. _c23 cm (Hb) |
||
| 500 | _aIncludes bibliographical references | ||
| 942 |
_2ddc _cEN _h338.04 _m VIR |
||
| 999 |
_c14266 _d14266 |
||